Datum a čas kvízu
31.5
Celkem bodů
Celkový počet nahraných bodů na tomto kvízu bez doplňovacích otázek.
5.
Pořadí na kvízu
Konečné umístění týmu na tomto kvízu.
Zaznamenané odpovědi
| # | Otázka | Odpověď | Body | Výsledky |
|---|---|---|---|---|
| 1. | Čtveřice samců kriticky ohrože... | C) sudokopytníci | 0 | |
| 2. | Slovenský premiér Robert Fico... | B) závozník v pekárně | 0 | |
| 3. | Která fiktivní česká loutková... | Hurvínek | 1 | |
| 4. | Americký prezident Donald Trum... | (skotskou) whisky | 1 | |
| 5. | Jannik Sinner v neděli přepsal... | A | 1 | |
| 6. | Ve filmu Sedm sledujeme detekt... | obžerství | 1 | |
| 7. | Tato fotka je známým interneto... | Americké psycho | 0 | |
| 8. | Postava Karla Kopfrkingla je p... | chrám smrti | 0 | |
| 9. | Přiřaďte zločince k jejich fil... | 1C 2D 3A 4B | 0 | |
| 10. | Mladý syn se poprvé přímo zapo... | Kmotr, Mario Puzo | 1 |